000 01281nam a2200313 i 4500
003 EG-GICUC
005 20260508171721.0
008 260508s1951 Iq |||fr|||| 00| 0 Ara d
040 _a EG-GICUC
_bara
_c EG-GICUC
_d EG-GICUC
_erda
041 0 _aAra
082 0 4 _221
_a343.37
_bق ا
092 0 4 _221
099 _aLaw1 10 343.37 ق ا 1951
245 0 0 _a قانون أصول المحاكمات الجزائية مرد البغدادي و تعدیلاته و ذيوله والتعليمات والأوامر والمناشير والتعاميم الصادرة بشانه من وزارة العدلية ومحكمة التمييز حتى سنة ١٩٥١
264 1 _aبغداد :
_bمطبعة النجاح،
_c1951.
300 _a268 ؛صفحة
_c24 سم.
336 _2rda content
_atext
337 _2rda media
_aComputer
338 _2rda carrier
_aOnline Resource
490 _aسلسلة مكتبة المحامى؛
_v3
500 _aاهداء من حسن على
546 _aالنص باللغة العربية
650 1 _aالمحاكمة الجنائية
_2qrmak
650 1 _aالقانون الجنائى
_2qrmak
651 1 _2qrmak
856 4 0 _uhttps://fll.law.cu.edu.eg/fulltext/bks/B10-05649.pdf
905 _a54
942 _2ddc
_cBK
_e21
_n0
999 _c76304
_d76304